| 000 | 00654nam a2200193 a 4500 | ||
|---|---|---|---|
| 005 | 20210223125742.0 | ||
| 008 | 050627s2002 mx 000 0 spa d | ||
| 020 | _a9688636193 | ||
| 035 | _aUPN01000141208 | ||
| 049 | _aCG | ||
| 050 | 4 |
_aNA2765 _bC3.4 |
|
| 100 | 1 | _aCamacho Cardona, Mario | |
| 245 | 1 | 0 |
_aHacia una teoría del espacio : _breflexión fenomenológica sobre el ambiente / _cMario Camacho Cardona. |
| 260 |
_aMéxico : _bUniversidad Iberoamericana : _bBenemérita Universidad Autónoma de Puebla, _c2002. |
||
| 300 |
_a173 p. : _bil. |
||
| 650 | 4 |
_aESPACIO EN ARQUITECTURA _922332 |
|
| 650 | 4 |
_aPERCEPCION ESPACIAL _98166 |
|
| 905 | _aLibro | ||
| 999 |
_c113355 _d113355 |
||